00468nam a2200193 a 4500001001300000003000900013005001700022008004100039020001100080082001500091100002300106245001900129260004000148300000900188500003500197505000800232650001100240700002300251nice12345678IN_TiNIC20260116011341.0050524s1963 laha grp 000 0 urd  ac3.5600a297.4bTHA aThanwi, Ashraf Ali aRoo-E-Tasavvuf aLahorebIdara-E-Tuloo-E-Islamc1963 a192p aincludes index and biblioraphy2 aIll aSufism1 aThanwi, Ashraf Ali